Marine fisheries extention / (Record no. 129413)

MARC details
000 -LEADER
fixed length control field 00755nam a22002417a 4500
005 - DATE AND TIME OF LATEST TRANSACTION
control field 20170124110055.0
010 ## - LIBRARY OF CONGRESS CONTROL NUMBER
LC control number B-021810
020 ## - INTERNATIONAL STANDARD BOOK NUMBER
Terms of availability 00.00
International Standard Book Number 8171415571
035 ## - SYSTEM CONTROL NUMBER
System control number B-021810
037 ## - SOURCE OF ACQUISITION
Source of stock number/acquisition Cen Lib/Ret
040 ## - CATALOGING SOURCE
Original cataloging agency DPL
Language of cataloging EN
082 ## - DEWEY DECIMAL CLASSIFICATION NUMBER
Classification number 639.2
Item number ANA
100 ## - MAIN ENTRY--PERSONAL NAME
Personal name Ananth, P.N.
9 (RLIN) 26293
245 ## - TITLE STATEMENT
Title Marine fisheries extention /
Statement of responsibility, etc by P.N. Ananth
260 ## - PUBLICATION, DISTRIBUTION, ETC. (IMPRINT)
Place of publication, distribution, etc New Delhi
Name of publisher, distributor, etc Discovery publishing house
Date of publication, distribution, etc 2000
270 ## - ADDRESS
City New Delhi
Postal code 110002
Address 4831/24, Ansari road, Prahlad street
300 ## - PHYSICAL DESCRIPTION
Extent 107p.
Dimensions 21cm(Hb)
500 ## - GENERAL NOTE
General note Includes bibliographical references
650 ## - SUBJECT ADDED ENTRY--TOPICAL TERM
Topical term or geographic name as entry element Fishery extension work
9 (RLIN) 26294
650 ## - SUBJECT ADDED ENTRY--TOPICAL TERM
Topical term or geographic name as entry element Fishery management
General subdivision Study and teaching
9 (RLIN) 26295
700 ## - ADDED ENTRY--PERSONAL NAME
9 (RLIN) 26257
942 ## - ADDED ENTRY ELEMENTS (KOHA)
Source of classification or shelving scheme Dewey Decimal Classification
Koha item type English Books
Classification part 639.2
Call number suffix ANA
Holdings
Withdrawn status Lost status Damaged status Not for loan Home library Current library Date acquired Source of acquisition Cost, normal purchase price Total Checkouts Full call number Barcode Date last seen Copy number Cost, replacement price Price effective from Koha item type
        Central Library Central Library 06/07/2015 Cen Lib/Ret 0.00   639.2 ANA B-021810 06/07/2015 1 0.00 06/07/2015 English Books

© Delhi Public Library
Hit Counter
free hit counter